000 00456nam a2200145Ia 4500
003 OSt
005 20260123161159.0
008 211028s2017 xx 000 0 und d
040 _cAIMIT LIBRARY
041 _aeng
100 _aShetti, Akshay Ramesh; Wright, Rowena.
_g1516007
_97586
245 _aHazardous effect of chemicals among employees at Aditya birla chemicals pvt ltd Karwar /
260 _aMangalore
_bDr Rowena Wright.
_c2017
942 _2ddc
_cPRO
999 _c219154
_d219154